العلاج المنزلي للأطفال و المراهقين / (رقم التسجيلة. 97132)

تفاصيل مارك
000 -LEADER
fixed length control field 00665nam a22002057a 4500
005 - DATE AND TIME OF LATEST TRANSACTION
control field 20251108173139.0
008 - FIXED-LENGTH DATA ELEMENTS--GENERAL INFORMATION
fixed length control field 250721s9999 xx 000 0 ara d
082 14 - DEWEY DECIMAL CLASSIFICATION NUMBER
Classification number 649.1/ شار
100 1# - MAIN ENTRY--PERSONAL NAME
Personal name شارمان، فرنسوا
245 10 - TITLE STATEMENT
Title العلاج المنزلي للأطفال و المراهقين /
264 1# - PRODUCTION, PUBLICATION, DISTRIBUTION, MANUFACTURE, AND COPYRIGHT NOTICE
Place of production, publication, distribution, manufacture بيروت :
Name of producer, publisher, distributor, manufacturer المكتبة الحديثة للطباعة و النشر،
300 ## - PHYSICAL DESCRIPTION
Extent 240ص.
650 17 - SUBJECT ADDED ENTRY--TOPICAL TERM
Topical term or geographic name as entry element رعاية الطفولة
650 17 - SUBJECT ADDED ENTRY--TOPICAL TERM
Topical term or geographic name as entry element سيكولوجية المراهقين
650 17 - SUBJECT ADDED ENTRY--TOPICAL TERM
Topical term or geographic name as entry element الصحة
700 1# - ADDED ENTRY--PERSONAL NAME
Personal name شحادة، دانا
Relator term tran.
700 1# - ADDED ENTRY--PERSONAL NAME
Personal name غانم، رشا
Relator term tran.
942 ## - ADDED ENTRY ELEMENTS (KOHA)
Source of classification or shelving scheme Dewey Decimal Classification
Koha item type كتب
المقتنيات
حالة السحب حالة الفقدان مصدر التصنيف حالة التلف غير قابل للإعارة المكتبة الرئيسية المكتبة الحالية موقع الرف تاريخ التزويد الرقم المتسلسل Total Checkouts رقم الإستدعاء الباركود تاريخ آخر ظهور تاريخ الفاتورة نوع المادة (كوها)
    Dewey Decimal Classification   Not For Loan المكتبة المركزية المكتبة المركزية مقتنيات قسم التزويد 28/07/2025 889982   649.1/ شار 889982 28/07/2025 28/07/2025 كتب
    Dewey Decimal Classification   Not For Loan المكتبة المركزية المكتبة المركزية مقتنيات قسم التزويد 28/07/2025 889983   649.1/ شار 889983 28/07/2025 28/07/2025 كتب
    Dewey Decimal Classification   Not For Loan المكتبة المركزية المكتبة المركزية مقتنيات قسم التزويد 28/07/2025 889984   649.1/ شار 889984 28/07/2025 28/07/2025 كتب
    Dewey Decimal Classification     مكتبة أبو علندا العامة مكتبة أبو علندا العامة الإعارة 28/07/2025 889989   649.1/ شار 889989 28/07/2025 28/07/2025 كتب
    Dewey Decimal Classification     مكتبة الأميرة ايمان العامة مكتبة الأميرة ايمان العامة الإعارة 28/07/2025 889985   649.1/ شار 889985 28/07/2025 28/07/2025 كتب
    Dewey Decimal Classification     مكتبة الحسن العامة مكتبة الحسن العامة الإعارة 28/07/2025 889987   649.1/ شار 889987 28/07/2025 28/07/2025 كتب
    Dewey Decimal Classification     مكتبة حمزة العامة مكتبة حمزة العامة الإعارة 28/07/2025 889988   649.1/ شار 889988 28/07/2025 28/07/2025 كتب
    Dewey Decimal Classification     مكتبة صويلح العامة مكتبة صويلح العامة الإعارة 28/07/2025 889986   649.1/ شار 889986 28/07/2025 28/07/2025 كتب
Implemented & Customized by: BBB with SCIT (Smart Chains for Information Technology)

Powered by Koha